000 00364cam a22001217a 4500
008 180718b1962 xxu||||| |||| 00| 0 eng d
082 _aF5x54 G151w
100 _aGandhi, Marg
245 _aWhither India? A Gandhi marg symposium
_cby Marg Gandhi
260 _aDelhi
_bGandhi Smarak Nidhi
_c1962
300 _a102p.
650 _aIndia --Politics and government --1947-
999 _c366309
_d366309